<?xml version="1.0" encoding="UTF-8"?>
<marc:record xmlns:marc="http://www.loc.gov/MARC21/slim">
   <marc:leader>00000nam a2200000 a 4500</marc:leader>
   <marc:datafield ind1="1" ind2=" " tag="100">
      <marc:subfield code="a">Kilpi, Marko</marc:subfield>
      <marc:subfield code="4">aut</marc:subfield>
      <marc:subfield code="e">Verfasser/-in</marc:subfield>
   </marc:datafield>
   <marc:datafield ind1="0" ind2="0" tag="245">
      <marc:subfield code="a">Erfrorene Rosen</marc:subfield>
   </marc:datafield>
   <marc:datafield ind1="0" ind2="0" tag="245">
      <marc:subfield code="b">Kriminalroman</marc:subfield>
   </marc:datafield>
   <marc:datafield ind1="0" ind2="0" tag="245">
      <marc:subfield code="c">Marko Kilpi. Aus dem Finn. von Gabriele Schrey-Vasara</marc:subfield>
   </marc:datafield>
   <marc:datafield ind1=" " ind2="1" tag="264">
      <marc:subfield code="a">Dortmund</marc:subfield>
      <marc:subfield code="b">Grafit-Verl.</marc:subfield>
      <marc:subfield code="c">2010</marc:subfield>
   </marc:datafield>
   <marc:datafield ind1="1" ind2=" " tag="520">
      <marc:subfield code="a">Quelle: bn.bibliotheksnachrichten (http://www.biblio.at/literatur/bn/index.html); #Autor: Christina Repolust; #Ein Versprechen am Grab, das Wunden schwer heilen lässt. (DR)##Olli Repo wird Polizist, dafür lässt er sogar seine Karriere in der Werbebranche sausen. Er hasst seinen Vater, daher staunt er über alle Maßen über seinen eigenen kleinen Sohn: Wann kann diese innige Beziehung kippen, wann schlägt Liebe in Hass um? Der junge Mann wird Zeuge des großen, für einen kleinen Buben tödlichen Irrtums seines Polizisten-Kollegen und Praktikumsbetreuers Tossavainen: Wo ist die Grenze zwischen Recht und Unrecht? Wer hat die Erlaubnis zu richten? Diese großen Fragen treiben die Krimihandlung voran: Welche Motive haben Täter, die Busse lahmlegen, leere Bombendrohungen aussprechen und in einer stillgelegten Fabrik dann tatsächlich eine Bombe zünden? Wofür wollen sich die Täter rächen, wenn sie den Staat und damit die Allgemeinheit in Finnland schädigen?#Viele Fragen für eine Rezension: Ein Krimi, der eben viele Fragen stellt und zum Glück nicht in Schwarz und Weiß malt. Der Autor Marko Kilpi war in der Filmindustrie tätig, absolvierte selbst die Polizeihochschule und wurde mit seinem vorliegenden Debütroman mit dem "Finnischen Krimipreis 2008" ausgezeichnet. Mehr Gründe zum Kaufen gibt es nicht!</marc:subfield>
   </marc:datafield>
   <marc:datafield ind1=" " ind2=" " tag="020">
      <marc:subfield code="a">9783894256630</marc:subfield>
      <marc:subfield code="9">9783894256630</marc:subfield>
   </marc:datafield>
   <marc:datafield ind1=" " ind2=" " tag="041">
      <marc:subfield code="a">ger</marc:subfield>
   </marc:datafield>
   <marc:datafield ind1=" " ind2=" " tag="300">
      <marc:subfield code="a">284 S.</marc:subfield>
   </marc:datafield>
</marc:record>
